Logistické firmy hledají pracovníky stále častěji už na školách

Rast významu spolupráce odborných škôl a firiem. Možnosť vychovať "na mieru" nových pracovníkov prostredníctvom stáží a tréningových programov. Skúsenosti v Strednej logistickej škole v Daloviciach. Efektívna spolupráca Vysokej školy ekonomickej v Prahe s logistickými firmami a s internetovým obchod...

Ausführliche Beschreibung

Gespeichert in:
Bibliographische Detailangaben
1. Verfasser: Toman, Pavel
Format: Buchkapitel
Sprache:Tschechisch
Schlagworte:
Tags: Tag hinzufügen
Keine Tags, Fügen Sie das erste Tag hinzu!

MARC

LEADER 00000naa a2200000 4500
001 0240956
005 20180307131658.2
041 0 |a cze 
044 |a CZ 
245 1 0 |a Logistické firmy hledají pracovníky stále častěji už na školách  |c Pavel Toman 
520 |a Rast významu spolupráce odborných škôl a firiem. Možnosť vychovať "na mieru" nových pracovníkov prostredníctvom stáží a tréningových programov. Skúsenosti v Strednej logistickej škole v Daloviciach. Efektívna spolupráca Vysokej školy ekonomickej v Prahe s logistickými firmami a s internetovým obchodom Alza.cz. Podporou je aj Národná sústava kvalifikácií. 
610 2 0 |a logistika 
610 2 0 |a vzdelávanie 
610 2 0 |a školy stredné odborné 
610 2 0 |a školy vysoké odborné 
610 2 0 |a firmy 
610 2 0 |a teória a prax 
610 2 0 |a kvalifikácia 
100 1 |a Toman, Pavel